Normal view
MARC view
Entry Topical Term
001 - CONTROL NUMBER
- control field: 16627
003 - CONTROL NUMBER IDENTIFIER
- control field: ARRUPE
005 - DATE AND TIME OF LATEST TRANSACTION
- control field: 20150326165948.0
008 - FIXED-LENGTH DATA ELEMENTS
- fixed length control field: 150326|| aca||aabn | a|a d
040 ## - CATALOGING SOURCE
- Original cataloging agency: ARRUPE
- Transcribing agency: ARRUPE
150 ## - HEADING--TOPICAL TERM
- Topical term or geographic name as entry element: Bible N.T. Acts-criticism, interpretation etc.
670 ## - SOURCE DATA FOUND
- Source citation: Work cat.: (ARRUPE): Sweetland D.M. 16624, Our journey with Jesus, 1990